000 005340000a22001810004500
090 _aAR
_b03242
245 1 0 _aCommon property, equality, and development
500 _a<Valoración y equidad>
650 1 4 _aPropiedad común
_996805
650 1 4 _aEconomía
_993484
650 1 4 _aSistemas de producción
_992252
650 1 4 _aPropiedad de la tierra
_996816
650 1 4 _aCooperativismo
_918005
041 0 _aInglés
100 1 _aQuiggin, John
_996817
942 _cARTICULO
773 1 _tWorld Development
_31229
_h7
_q1123-1138
_d1993
_g21
999 _c12296
_d12296